000 00341nam a2200133Ia 4500
008 240624s9999 xx 000 0 und d
041 _aeng
082 _a650.1 BLO
100 _aBLOOMSBURY
245 _aSTEP TO SUCCESS TACKLE OFFICE NIGHTMARES
260 _c2004
_aLondon
_bBloomsbury
300 _avi, : 90 : p. : cm. ; 17
365 _cRS
_b35
999 _c7924
_d7924